| 000 | 00599nam a2200217Ia 4500 | ||
|---|---|---|---|
| 003 | GCL | ||
| 008 | 140319s9999 xx 000 0 eng d | ||
| 040 |
_aGCL / _cGCL |
||
| 082 | 0 | 4 |
_aCC _b916.2 _bG D |
| 100 | 1 | _aGUADALUPI, GIANNI | |
| 245 | 1 | 0 |
_aTHE DISCOVERY OF THE NILE / _cGUADALUPI, GIANNI |
| 700 | 1 | _aBERTINETTI, MARCELLO | |
| 700 | 1 | _aACCOMOZZO, LAURA | |
| 260 |
_a[S.N] : _bTHE AMERICAN UNIVERSITY IN CAIRO PRESS ، _c1997 |
||
| 300 | _a351 P | ||
| 650 | 0 | 4 | _aEGYPT |
| 650 | 0 | 4 | _aEGYPT - DESCRIPTION |
| 650 | 0 | 4 | _aEGYPT - TRAVELS |
| 650 | 0 | 4 | _aNILE RIVER - TRAVELS |
| 942 |
_2ddc _cBK |
||
| 999 |
_c15928 _d15928 |
||